000 00594nam a2200181Ia 4500
003 GCL
008 140319s9999 xx 000 0 ara d
040 _aGCL /
_cGCL
082 0 4 _aق
_b916.2
_bم ظ
100 1 _aمحمود حامد محمد
245 1 0 _aالظواهر الجوية فى القطر المصرى /
_cمحمود حامد محمد
300 _a151 ص
490 _aالهيئة العامة للاستعلامات
_v0
650 0 4 _aالظواهر الجوية
650 0 4 _aمصر - الجغرافيا الطبيعية
650 0 4 _aمصر - المناخ
942 _2ddc
_cBK
999 _c49832
_d49832